000 00289nam a2200133Ia 4500
008 100328s9999 xx 000 0 und d
082 _b16496
100 _aWillis Bob
245 _aPace Bowling
260 _bVikas
630 _aPace Bowling
730 _aPace Bowling
942 _cBOOK
999 _c511144
_d511141